Statistics for Premier League 2010's Winners Starting XI

Click here to take the quiz!

General Stats

  • This quiz has been taken 119 times
  • The average score is 64 of 79

Answer Stats

Player % Correct
David De Gea
100%
Jamie Vardy
100%
Thibaut Courtois
100%
Sergio Agüero
100%
Raheem Sterling
99%
N'Golo Kanté
99%
Bernardo Silva
99%
David Silva
99%
Joe Hart
99%
Ederson
99%
Petr Cech
97%
Wayne Rooney
97%
Gabriel Jesus
97%
Leroy Sané
97%
Fernandinho
97%
Eden Hazard
96%
Robin van Persie
96%
Riyad Mahrez
96%
Kyle Walker
95%
John Terry
95%
Kevin De Bruyne
95%
Ryan Giggs
95%
Nemanja Matic
93%
Vincent Kompany
93%
Kasper Schmeichel
93%
Nicolas Otamendi
93%
Yaya Touré
93%
César Azpilicueta
93%
Didier Drogba
92%
Edwin van der Sar
92%
Rio Ferdinand
92%
Edin Dzeko
92%
John Stones
90%
Diego Costa
90%
Ilkay Gündogan
90%
Aymeric Laporte
90%
Dimitar Berbatov
90%
Nemanja Vidic
90%
David Luiz
89%
Marcos Alonso
88%
Antonio Valencia
88%
Pedro
86%
Patrice Evra
84%
Nani
82%
Gary Cahill
82%
Wes Morgan
81%
Frank Lampard
81%
Branislav Ivanovic
79%
Victor Moses
79%
Pablo Zabaleta
78%
Willian
78%
Danny Drinkwater
78%
Cesc Fabregas
77%
Ricardo Carvalho
75%
Michael Ballack
75%
Michael Carrick
74%
Ashley Cole
74%
Samir Nasri
73%
Aleksandar Kolarov
73%
Robert Huth
71%
Christian Fuchs
71%
John Obi Mikel
71%
Oscar
70%
Shinji Okazaki
68%
Rafael
68%
Darren Fletcher
68%
John O'Shea
66%
Nicolas Anelka
66%
Jonny Evans
64%
Florent Malouda
62%
Gaël Clichy
60%
Martin Demichelis
58%
Marc Albrighton
49%
Fabian Delph
48%
Danny Simpson
47%
Gareth Barry
42%
Micah Richards
40%
Joleon Lescott
32%
Tom Cleverley
27%

Score Distribution

Percentile by Number Answered

Percent of People with Each Score

Your Score History

You have not taken this quiz